Wo liegen diese deutschen Mittelstädte? - Statistiken

Allgemein
  • Dieses Quiz wurde 271 mal gespielt
  • Das Durchschnittsergebnis liegt bei 17 aus 20
Antwortstatistiken
Stadt Bundesland % Korrekt
Soest Nordrhein-Westfalen
94%
Goslar Niedersachsen
93%
Gotha Thüringen
93%
Plauen Sachsen
91%
Memmingen Bayern
90%
Eisenhüttenstadt Brandenburg
88%
Idar-Oberstein Rheinland-Pfalz
88%
Offenburg Baden-Württemberg
87%
Amberg Bayern
87%
Stade Niedersachsen
87%
Gummersbach Nordrhein-Westfalen
87%
Güstrow Mecklenburg-Vorpommern
86%
Bad Kreuznach Rheinland-Pfalz
85%
Vechta Niedersachsen
81%
Halberstadt Sachsen-Anhalt
80%
Rendsburg Schleswig-Holstein
80%
Calw Baden-Württemberg
79%
Kamp-Lintfort Nordrhein-Westfalen
75%
Völklingen Saarland
75%
Dillenburg Hessen
72%
Keine übereinstimmenden Quizze gefunden
Verteilung der Resultate
Anzahl Personen mit jedem Resultat
Perzentil nach korrekt beantworteten Fragen
Ihre Resultats-Entwicklung
Sie haben dieses Quiz noch nicht gespielt